[Event "Division Honor Aragonesa Grupo A "]
[Site "Aragon"]
[Date "2017.02.18"]
[Round "4.3"]
[White "Lamas Mercadal, Manuel"]
[Black "Remiro Juste, Fernando Jose"]
[Result "1/2-1/2"]
[WhiteElo "2108"]
[BlackElo "2202"]
[PlyCount "67"]
[EventDate "2017.01.28"]
[WhiteTeam "Delicias"]
[BlackTeam "Agrupacion"]

1. e4 g6 2. d4 Bg7 3. Nc3 d6 4. Nf3 a6 5. Be3 b5 6. Bd3 Nd7 7. Qd2 Bb7 8. Ne2
c5 9. c3 Ngf6 10. Ng3 O-O 11. Bh6 cxd4 12. Nxd4 e6 13. O-O Nc5 14. Bxg7 Kxg7
15. Rfe1 Nfd7 16. Rad1 h5 17. b4 Nxd3 18. Qxd3 Ne5 19. Qe2 h4 20. Nf1 Qf6 21.
h3 Rac8 22. Rc1 Rfd8 23. Nd2 Rc7 24. Qe3 Nd7 25. c4 Rdc8 26. N2b3 bxc4 27. Na5
e5 28. Ne2 d5 29. exd5 Bxd5 30. Nc3 Ba8 31. Rcd1 e4 32. Nxe4 Bxe4 33. Qxe4 c3
34. Qc2 1/2-1/2

[Event "Division Honor Aragonesa Grupo A "]
[Site "Aragon"]
[Date "2017.02.18"]
[Round "4.4"]
[White "Roque Sola, Jose Luis"]
[Black "Naya Sancho, Jose Ignacio"]
[Result "0-1"]
[WhiteElo "2177"]
[BlackElo "2113"]
[PlyCount "64"]
[EventDate "2017.01.28"]
[WhiteTeam "Agrupacion"]
[BlackTeam "Delicias"]

1. e4 e5 2. Nf3 Nc6 3. Bb5 a6 4. Ba4 Nf6 5. O-O Be7 6. Re1 b5 7. Bb3 O-O 8. a4
b4 9. d4 d6 10. Bg5 Bg4 11. d5 Nd4 12. Nbd2 Nxb3 13. cxb3 Nxd5 14. exd5 Bxg5
15. Ne4 Bf4 16. h3 Bh5 17. Ng3 Bg6 18. a5 f5 19. Ra4 Rb8 20. Ne2 Bh6 21. Qc2
Be8 22. Raa1 Rb5 23. Qc4 Bf7 24. Red1 c5 25. Ng3 Be8 26. Qf1 e4 27. Ne1 Rxa5
28. Nc2 Bb5 29. Qe1 Rxa1 30. Nxa1 Bd3 31. f3 Qh4 32. fxe4 fxe4 0-1

[Event "Division Honor Aragonesa Grupo A "]
[Site "Aragon"]
[Date "2017.02.18"]
[Round "4.5"]
[White "Baron Rodriguez, Jesus"]
[Black "Villuendas Valero, Adrian"]
[Result "1-0"]
[WhiteElo "2430"]
[BlackElo "2311"]
[PlyCount "81"]
[EventDate "2017.01.28"]
[WhiteTeam "IberCaja"]
[BlackTeam "St. Casablanca B"]

1. e4 e6 2. d4 d5 3. Nd2 Nc6 4. Ngf3 Nf6 5. e5 Nd7 6. Be2 f6 7. exf6 Qxf6 8.
Nf1 Bd6 9. Ne3 O-O 10. O-O Qg6 11. c4 Nf6 12. g3 b6 13. Nh4 Qe8 14. f4 Ne7 15.
Ng4 Nxg4 16. Bxg4 dxc4 17. Re1 Qc6 18. Bf3 Nd5 19. Be4 Rf6 20. Qh5 g6 21. Qe2
Bb7 22. a4 Bb4 23. Bd2 c3 24. bxc3 Bxc3 25. Rac1 Bxd4+ 26. Kg2 Qd7 27. Nf3 c5
28. Nxd4 cxd4 29. Bf3 Rd8 30. h4 Qxa4 31. Qe5 Qd7 32. Kh2 Rf5 33. Qxd4 Nf6 34.
Qxd7 Rxd7 35. Bxb7 Rxd2+ 36. Kh3 Rd7 37. Bc8 Rd2 38. Bxe6+ Kg7 39. Rc7+ Kf8 40.
Bxf5 gxf5 41. Re5 1-0

[Event "Division Honor Aragonesa Grupo A "]
[Site "Aragon"]
[Date "2017.02.18"]
[Round "4.6"]
[White "Gimenez Martinez, Alberto"]
[Black "Hefty, Jorge W"]
[Result "1/2-1/2"]
[WhiteElo "2204"]
[BlackElo "2369"]
[PlyCount "78"]
[EventDate "2017.01.28"]
[WhiteTeam "St. Casablanca B"]
[BlackTeam "IberCaja"]

1. e4 c5 2. Nf3 e6 3. d4 cxd4 4. Nxd4 a6 5. Bd3 Nf6 6. O-O Qc7 7. c4 b6 8. Nc3
Bb7 9. Qe2 Nc6 10. Nxc6 dxc6 11. e5 Nd7 12. f4 Be7 13. b3 Bc5+ 14. Be3 Be7 15.
Kh1 g6 16. Rad1 h5 17. Ne4 c5 18. Bc1 Bxe4 19. Bxe4 O-O-O 20. Bf3 Nb8 21. Qe4
Rxd1 22. Rxd1 Rd8 23. Rxd8+ Bxd8 24. g3 Be7 25. h3 Kd7 26. g4 hxg4 27. hxg4 Nc6
28. Bb2 Nd8 29. f5 gxf5 30. gxf5 exf5 31. Qxf5+ Ke8 32. Bd5 Qd7 33. Qf3 Qc7 34.
Qh5 Qd7 35. Qf3 Bf8 36. Kg2 Bg7 37. Kg3 Qe7 38. Qf5 Kf8 39. Kg4 Ke8 1/2-1/2

[Event "Division Honor Aragonesa Grupo A "]
[Site "Aragon"]
[Date "2017.02.18"]
[Round "4.7"]
[White "Martinez Cebolla, Alberto"]
[Black "Gomez Anadon, Daniel"]
[Result "1/2-1/2"]
[WhiteElo "2045"]
[BlackElo "2175"]
[PlyCount "166"]
[EventDate "2017.01.28"]
[WhiteTeam "IberCaja"]
[BlackTeam "St. Casablanca B"]

1. e4 Nf6 2. Nc3 d5 3. exd5 Nxd5 4. Bc4 Nb6 5. Bb3 c5 6. d3 Bf5 7. Qf3 Qc8 8.
g4 Bg6 9. Nge2 Qc6 10. Qxc6+ Nxc6 11. Be3 e6 12. O-O-O O-O-O 13. Bg5 Rd7 14. f3
h6 15. Bh4 Na5 16. Na4 Nxb3+ 17. axb3 Nd5 18. Bf2 b6 19. Nac3 Nb4 20. Nf4 Bh7
21. Kb1 Be7 22. Nh5 Rg8 23. Rhe1 Nc6 24. Ng3 Rgd8 25. Nce4 Nd4 26. Bxd4 Rxd4
27. Kc1 Bh4 28. Re2 f5 29. gxf5 exf5 30. Nd2 Kd7 31. Nc4 Re8 32. Rxe8 Kxe8 33.
Re1+ Kd8 34. Re2 Rf4 35. Nd2 Bg5 36. Kd1 Rh4 37. Ndf1 Rd4 38. Nd2 Rd7 39. Nc4
Re7 40. Ne5 Kc7 41. Nc4 Rxe2 42. Nxe2 Bg8 43. f4 Bf6 44. Nc3 a6 45. Ne3 Bxc3
46. bxc3 Be6 47. h4 Kd6 48. c4 b5 49. Kd2 g6 50. Ke2 bxc4 51. dxc4 Bd7 52. Kf3
Bc6+ 53. Ke2 Ke6 54. Kd2 a5 55. Ke2 a4 56. bxa4 Bxa4 57. Kf2 Bc6 58. c3 Be4 59.
Ke2 Bb7 60. Kf2 Bc6 61. Ke2 Be4 62. Kd2 Bf3 63. Ke1 Bb7 64. Kf2 Be4 65. Ke2 Kd6
66. Kd2 Kc6 67. Kc1 Kb6 68. Kb2 Bd3 69. Nd5+ Kc6 70. Kb3 Kd6 71. Ne3 g5 72.
hxg5 hxg5 73. fxg5 f4 74. Nd1 Ke5 75. Nf2 Be2 76. g6 Kf6 77. g7 Kxg7 78. Ne4 f3
79. Kc2 Bxc4 80. Kd2 Kg6 81. Ke3 Bd5 82. Nxc5 Kf5 83. Nd3 Bc6 1/2-1/2

[Event "Division Honor Aragonesa Grupo A "]
[Site "Aragon"]
[Date "2017.02.18"]
[Round "4.8"]
[White "Arregui Untoria, Carlos"]
[Black "Torcal Miguel, Oscar"]
[Result "1/2-1/2"]
[WhiteElo "2075"]
[BlackElo "1980"]
[PlyCount "54"]
[EventDate "2017.01.28"]
[WhiteTeam "St. Casablanca B"]
[BlackTeam "IberCaja"]

1. d4 Nf6 2. c4 c5 3. d5 b5 4. cxb5 a6 5. f3 axb5 6. e4 d6 7. Bxb5+ Bd7 8.
Bxd7+ Nbxd7 9. Ne2 g6 10. O-O Bg7 11. a4 O-O 12. Na3 Nb6 13. Nc3 Ne8 14. Nab5
Nc7 15. Qb3 Nxb5 16. Nxb5 Qd7 17. Bd2 Rfb8 18. Bc3 Nxa4 19. Rxa4 Rxa4 20. Qxa4
Qxb5 21. Qa7 Bxc3 22. bxc3 Rb7 23. Qa8+ Kg7 24. f4 Rb8 25. Qa7 Rb7 26. Qa8 Rb8
27. Qa7 Rb7 1/2-1/2

[Event "Division Honor Aragonesa Grupo A "]
[Site "Aragon"]
[Date "2017.02.18"]
[Round "4.9"]
[White "Forcen Esteban, Daniel"]
[Black "Jario Garcia, Ricardo"]
[Result "1-0"]
[WhiteElo "2541"]
[BlackElo "2102"]
[PlyCount "117"]
[EventDate "2017.01.28"]
[WhiteTeam "Jaime Casas"]
[BlackTeam "Marcos Frechin"]

1. Nf3 Nf6 2. c4 e6 3. b3 d5 4. Bb2 c5 5. e3 Nc6 6. cxd5 exd5 7. Bb5 Be7 8. O-O
O-O 9. d4 Bg4 10. Be2 Re8 11. Nc3 Bxf3 12. Bxf3 cxd4 13. exd4 Qd7 14. Qd3 Rad8
15. Rac1 Bf8 16. a3 g6 17. b4 Bg7 18. Bd1 Ne4 19. Na4 Bh6 20. f4 Bg7 21. Nc5
Nxc5 22. Rxc5 Qe7 23. Bf3 Qe3+ 24. Qxe3 Rxe3 25. Rxd5 Rxd5 26. Bxd5 Nxd4 27.
Rd1 Ne2+ 28. Kf2 Nc3 29. Bxc3 Rxc3 30. Bxb7 Rc7 31. Rd8+ Bf8 32. Bd5 Kg7 33.
Ke2 Be7 34. Ra8 Bf6 35. Rb8 Bb2 36. a4 Bc3 37. Kd3 h5 38. g3 Kf6 39. a5 Be1 40.
Ke2 Bc3 41. Kf3 Bd2 42. h3 Bc3 43. Ke4 Be1 44. g4 hxg4 45. hxg4 g5 46. a6 Bf2
47. b5 gxf4 48. Kxf4 Bg1 49. g5+ Kg7 50. Rd8 Re7 51. Kf3 Bb6 52. Rd6 Bc5 53.
Rc6 Bg1 54. Be4 Bd4 55. Rd6 Bc5 56. Rh6 Bd4 57. Rh7+ Kf8 58. Bd5 Kg8 59. g6 1-0

[Event "Division Honor Aragonesa Grupo A "]
[Site "Aragon"]
[Date "2017.02.18"]
[Round "4.10"]
[White "Sancho Cortes, Miguel Angel"]
[Black "Ramiro Ovejero, Juan Luis"]
[Result "0-1"]
[WhiteElo "2063"]
[BlackElo "2386"]
[PlyCount "114"]
[EventDate "2017.01.28"]
[WhiteTeam "Marcos Frechin"]
[BlackTeam "Jaime Casas"]

1. e4 c5 2. d4 cxd4 3. c3 g6 4. Nf3 Bg7 5. cxd4 d5 6. exd5 Nf6 7. Bb5+ Nbd7 8.
d6 exd6 9. Qe2+ Qe7 10. Qxe7+ Kxe7 11. Nc3 Nb6 12. O-O Rd8 13. Bf4 h6 14. Rfe1+
Kf8 15. h3 Be6 16. Bd3 Nfd5 17. Nxd5 Bxd5 18. Be4 Bxe4 19. Rxe4 Rac8 20. Rc1
Rxc1+ 21. Bxc1 Rc8 22. Bf4 Rc6 23. Re2 Nd5 24. Be3 f5 25. g3 g5 26. Kg2 Kf7 27.
Ne1 Bf6 28. Nd3 Rc4 29. b3 Rc8 30. Ne1 Re8 31. Kf3 h5 32. Rc2 g4+ 33. hxg4
hxg4+ 34. Ke2 Bxd4 35. Ng2 Kf6 36. Rd2 Nxe3 37. fxe3 Be5 38. Kf2 Rh8 39. Nh4
Kg5 40. Rd5 Bxg3+ 41. Kxg3 Rxh4 42. e4 Rh3+ 43. Kg2 Rf3 44. exf5 Rxf5 45. Rxd6
Kf4 46. Rd7 Rb5 47. Re7 a5 48. Re2 Rc5 49. Kf2 b5 50. Kg2 b4 51. Kf2 Rh5 52.
Kg2 g3 53. Re8 Rh2+ 54. Kg1 Rxa2 55. Ra8 a4 56. bxa4 b3 57. Rb8 b2 0-1

[Event "Division Honor Aragonesa Grupo A "]
[Site "Aragon"]
[Date "2017.02.18"]
[Round "4.11"]
[White "Quintin Navarro, Alberto"]
[Black "Gaspar Calvo, Luis Alberto"]
[Result "1-0"]
[WhiteElo "2367"]
[BlackElo "1985"]
[PlyCount "43"]
[EventDate "2017.01.28"]
[WhiteTeam "Jaime Casas"]
[BlackTeam "Marcos Frechin"]

1. e4 c5 2. Nf3 e6 3. d4 cxd4 4. Nxd4 a6 5. Be2 Nf6 6. Nc3 Qc7 7. O-O b5 8. Bf3
e5 9. Re1 Bc5 10. Nf5 O-O 11. Bg5 Qb6 12. Qd2 Bb7 13. Bxf6 Qxf6 14. Nd5 Qd8 15.
b4 Bxd5 16. Qxd5 Bxb4 17. Qxa8 Bxe1 18. Rxe1 Qa5 19. Rd1 Nc6 20. Qb7 Rd8 21. h3
g6 22. Rxd7 1-0

[Event "Division Honor Aragonesa Grupo A "]
[Site "Aragon"]
[Date "2017.02.18"]
[Round "4.12"]
[White "Fabre Perez, Jose Maria"]
[Black "Fontana Sotomayor, Luis Javier"]
[Result "0-1"]
[WhiteElo "1978"]
[BlackElo "2251"]
[PlyCount "124"]
[EventDate "2017.01.28"]
[WhiteTeam "Marcos Frechin"]
[BlackTeam "Jaime Casas"]

1. e4 Nf6 2. e5 Nd5 3. d4 d6 4. c4 Nb6 5. exd6 exd6 6. Nc3 Be7 7. Bd3 Nc6 8.
Nge2 Bg4 9. Be3 Bh5 10. Qd2 Nb4 11. Nf4 Nxd3+ 12. Qxd3 Bg6 13. Nxg6 hxg6 14. b3
c6 15. d5 Bf6 16. Rd1 c5 17. Ne4 Nc8 18. Nxf6+ Qxf6 19. Qe4+ Kf8 20. h4 Qf5 21.
Qxf5 gxf5 22. Bf4 Ke8 23. Kd2 Kd7 24. h5 Ne7 25. h6 gxh6 26. Rh5 b5 27. Rdh1
bxc4 28. bxc4 Rab8 29. Kc3 Rb4 30. Rxh6 Rxh6 31. Bxh6 Ng6 32. Bd2 Ne5 33. Rh4
Ke7 34. Bg5+ Kd7 35. a3 Rb1 36. Rf4 Ra1 37. Kb3 Rb1+ 38. Kc2 Rg1 39. Bf6 Ng4
40. Rxf5 Rxg2 41. Bg5 Rxf2+ 42. Rxf2 Nxf2 43. Bh4 Ng4 44. Bg3 f5 45. Kd3 Ke7
46. Bh4+ Kd7 47. Bg3 Nf6 48. Ke3 Ne4 49. Be1 Ke7 50. Kf4 Kf6 51. Bh4+ Kf7 52.
Be1 Kg6 53. Ba5 Nf6 54. Bc7 Ne8 55. Bb8 a6 56. Ba7 Kf6 57. Bb6 Kg6 58. Ba5 Nf6
59. Bc7 Ne4 60. Ba5 Nf2 61. Ke3 Ng4+ 62. Kf4 Ne5 0-1

[Event "Division Honor Aragonesa Grupo A "]
[Site "Aragon"]
[Date "2017.02.18"]
[Round "4.13"]
[White "Moreno Gracia, Daniel"]
[Black "Gavin Roche, Enrique"]
[Result "1/2-1/2"]
[WhiteElo "2318"]
[BlackElo "2261"]
[PlyCount "70"]
[EventDate "2017.01.28"]
[WhiteTeam "L'Aurora Estadilla"]
[BlackTeam "ONCE C.A. Aragon"]

1. d4 d5 2. c4 e6 3. Nc3 Nf6 4. cxd5 exd5 5. Bg5 c6 6. e3 Be7 7. Qc2 Nbd7 8.
Bd3 Nh5 9. Bxe7 Qxe7 10. O-O-O Nb6 11. h3 g6 12. g4 Ng7 13. Nf3 Be6 14. Kb1
O-O-O 15. Na4 Nxa4 16. Qxa4 Kb8 17. Rc1 h5 18. Ne5 hxg4 19. hxg4 Rxh1 20. Rxh1
g5 21. Qxc6 f6 22. Ng6 Qb4 23. Qc3 Qxc3 24. bxc3 Bxg4 25. Rh7 Bf5 26. Bxf5 Nxf5
27. Rf7 Nd6 28. Rxf6 Ne4 29. Rf5 Nxc3+ 30. Kb2 Rc8 31. Ne7 Nd1+ 32. Kb3 Rc3+
33. Kb4 Rc4+ 34. Kb3 Rc3+ 35. Kb4 Rc4+ 1/2-1/2

[Event "Division Honor Aragonesa Grupo A "]
[Site "Aragon"]
[Date "2017.02.18"]
[Round "4.14"]
[White "Laliena Solanes, Luis"]
[Black "Solano Lasierra, Javier"]
[Result "0-1"]
[WhiteElo "2179"]
[BlackElo "2171"]
[PlyCount "76"]
[EventDate "2017.01.28"]
[WhiteTeam "ONCE C.A. Aragon"]
[BlackTeam "L'Aurora Estadilla"]

1. e4 e6 2. b3 d5 3. Bb2 Nf6 4. e5 Nfd7 5. Qg4 c5 6. f4 h5 7. Qg3 Nc6 8. Nf3
Rh6 9. Be2 Ne7 10. Nh4 Nb8 11. O-O Nbc6 12. c3 Nf5 13. Nxf5 exf5 14. Na3 a6 15.
Nc2 h4 16. Qf3 d4 17. Bc4 Be6 18. cxd4 cxd4 19. d3 Qb6 20. Kh1 O-O-O 21. Ba3
Bxc4 22. dxc4 Bxa3 23. Nxa3 Qc5 24. Nc2 h3 25. g3 d3 26. Qe3 Qa5 27. Ne1 Nb4
28. Rf2 Qc7 29. a3 Qc6+ 30. Kg1 Qe4 31. Qd2 Nc2 32. Nxc2 dxc2 33. Qxc2 Rd3 34.
Rd1 Rxd1+ 35. Qxd1 Rh8 36. Qd5 Qe1+ 37. Rf1 Qe3+ 38. Kh1 Rd8 0-1

[Event "Division Honor Aragonesa Grupo A "]
[Site "Aragon"]
[Date "2017.02.18"]
[Round "4.15"]
[White "Pellicer Cerezuela, Miguel"]
[Black "Cobo Garrido, Diego Israel"]
[Result "0-1"]
[WhiteElo "2023"]
[BlackElo "2070"]
[PlyCount "108"]
[EventDate "2017.01.28"]
[WhiteTeam "L'Aurora Estadilla"]
[BlackTeam "ONCE C.A. Aragon"]

1. d4 d5 2. c4 e6 3. Nc3 Nf6 4. cxd5 exd5 5. Bg5 c6 6. Qc2 Be7 7. e3 Nbd7 8.
Bd3 Nh5 9. Bxe7 Qxe7 10. Nf3 Nf4 11. O-O Nxd3 12. Qxd3 Nf6 13. Rfe1 O-O 14. Ne5
Ne4 15. Rac1 f6 16. Nf3 Bf5 17. Nh4 Bd7 18. f3 Nxc3 19. bxc3 Rae8 20. Nf5 Bxf5
21. Qxf5 g6 22. Qc2 f5 23. Qa4 a6 24. Qb3 Rf7 25. c4 dxc4 26. Qxc4 Qe6 27. Qxe6
Rxe6 28. Kf2 Rd7 29. Red1 Kf7 30. h3 Red6 31. Rc4 f4 32. a4 b5 33. axb5 cxb5
34. Rb4 fxe3+ 35. Kxe3 Re6+ 36. Kf2 Rd5 37. Ra1 Ke7 38. g4 Kd7 39. Kg3 Kc7 40.
Rc1+ Kb6 41. Rc8 Ka5 42. Rb1 Rxd4 43. Ra8 b4 44. Rb8 Rb6 45. Rxb6 Kxb6 46. h4
a5 47. h5 a4 48. hxg6 hxg6 49. f4 a3 50. f5 gxf5 51. gxf5 a2 52. Rf1 b3 53. f6
Rd8 54. f7 Rf8 0-1

[Event "Division Honor Aragonesa Grupo A "]
[Site "Aragon"]
[Date "2017.02.18"]
[Round "4.16"]
[White "Fuertes Garay, Javier"]
[Black "Pellicer Cemeli, Jose Luis"]
[Result "1-0"]
[WhiteElo "2085"]
[BlackElo "1967"]
[PlyCount "79"]
[EventDate "2017.01.28"]
[WhiteTeam "ONCE C.A. Aragon"]
[BlackTeam "L'Aurora Estadilla"]

1. e4 e6 2. d4 d5 3. Nd2 c5 4. exd5 exd5 5. Ngf3 Nf6 6. c3 Nc6 7. Bb5 Be7 8.
O-O O-O 9. dxc5 Bxc5 10. Nb3 Qb6 11. Be2 Be7 12. Be3 Qc7 13. h3 Bf5 14. Nbd4
Nxd4 15. Nxd4 Bd7 16. Bd3 Ne4 17. Qf3 f5 18. Rad1 a6 19. Rfe1 Rae8 20. Bc2 f4
21. Bc1 Bc5 22. Bb3 Kh8 23. Bxd5 Ng5 24. Qh5 Rxe1+ 25. Rxe1 h6 26. h4 Bxd4 27.
cxd4 Nh7 28. Qf3 b6 29. Bd2 Qd8 30. Bb4 Rf5 31. Be7 Qe8 32. Bc4 Bc6 33. d5 Bb7
34. Bb4 Qd8 35. Qe4 Bxd5 36. Bxd5 Rxd5 37. Qe8+ Nf8 38. Bxf8 Rd1 39. Qxd8 Rxd8
40. Bb4 1-0

[Event "Division Honor Aragonesa Grupo B"]
[Site "Aragon"]
[Date "2017.02.18"]
[Round "4.17"]
[White "Nicolas Zapata, Irene"]
[Black "Cifuentes Parada, Roberto"]
[Result "0-1"]
[WhiteElo "2252"]
[BlackElo "2478"]
[PlyCount "42"]
[EventDate "2017.01.28"]
[WhiteTeam "Teruel"]
[BlackTeam "Jaque"]

1. Nf3 d5 2. c4 c6 3. g3 Nf6 4. Bg2 Bg4 5. O-O e6 6. b3 a5 7. Bb2 a4 8. bxa4
Nbd7 9. d4 Qa5 10. Qb3 Qxa4 11. Nbd2 Bb4 12. Bc3 Bxc3 13. Qxc3 O-O 14. e4 Rfd8
15. e5 Ne8 16. Qb3 Bxf3 17. Bxf3 dxc4 18. Qxb7 c3 19. Bd1 Qa3 20. Ne4 Nf8 21.
Rb1 g6 0-1

[Event "Division Honor Aragonesa Grupo B"]
[Site "Aragon"]
[Date "2017.02.18"]
[Round "4.18"]
[White "Gines Esteo, Pedro Antonio"]
[Black "Garcia Fernandez, Javier"]
[Result "1-0"]
[WhiteElo "2325"]
[BlackElo "2166"]
[PlyCount "49"]
[EventDate "2017.01.28"]
[WhiteTeam "Jaque"]
[BlackTeam "Teruel"]

1. d4 Nf6 2. Nf3 c5 3. d5 b5 4. Bg5 Qb6 5. c4 b4 6. Nbd2 d6 7. e4 Bg4 8. h3
Bxf3 9. Nxf3 Nbd7 10. Bd3 g6 11. Qa4 Qc7 12. e5 dxe5 13. d6 Qb7 14. Nxe5 Qxg2
15. Bxf6 Qxh1+ 16. Kd2 Bh6+ 17. Kc2 Qxh3 18. dxe7 Qe6 19. Bxh8 Bf4 20. Re1 Rc8
21. Nxd7 Qxd7 22. Qxd7+ Kxd7 23. Bf6 h5 24. Be4 Re8 25. Rd1+ 1-0

[Event "Division Honor Aragonesa Grupo B"]
[Site "Aragon"]
[Date "2017.02.18"]
[Round "4.19"]
[White "Dominguez Bujeda, Jesus"]
[Black "Escartin Lacasa, Jose"]
[Result "1-0"]
[WhiteElo "2104"]
[BlackElo "1974"]
[PlyCount "87"]
[EventDate "2017.01.28"]
[WhiteTeam "Teruel"]
[BlackTeam "Jaque"]

1. d4 d5 2. c4 c6 3. cxd5 cxd5 4. Nc3 Nf6 5. Bf4 Nc6 6. e3 e6 7. Bd3 Bd6 8.
Bxd6 Qxd6 9. f4 O-O 10. Nf3 Nd7 11. Ne5 f5 12. O-O Nf6 13. Rf3 Ne4 14. Rh3 Nxe5
15. dxe5 Qe7 16. Bxe4 dxe4 17. Nb5 Bd7 18. Nd6 Bc6 19. Qh5 g6 20. Qh6 Rad8 21.
Kh1 Rd7 22. Rg1 Qg7 23. Qh4 Qe7 24. Qf2 Rc7 25. g4 Bd7 26. Rhg3 Kh8 27. Qg2 Rg8
28. Qh3 Qg7 29. Qg2 Qe7 30. Qd2 Qg7 31. h4 b6 32. h5 Bc8 33. Qh2 Qh6 34. g5 Qf8
35. Rh3 Ba6 36. Qd2 Bd3 37. Rc1 Qe7 38. hxg6 Rxg6 39. Rxc7 Qxc7 40. Ne8 Qc2 41.
Qxc2 Bxc2 42. Nf6 h6 43. Rxh6+ Rxh6+ 44. gxh6 1-0

[Event "Division Honor Aragonesa Grupo B"]
[Site "Aragon"]
[Date "2017.02.18"]
[Round "4.20"]
[White "Buisan Zaharia, Pedro"]
[Black "Martin Catalan, Juan Vicente"]
[Result "1-0"]
[WhiteElo "1781"]
[BlackElo "2059"]
[PlyCount "65"]
[EventDate "2017.01.28"]
[WhiteTeam "Jaque"]
[BlackTeam "Teruel"]

1. d4 d5 2. Nf3 Nf6 3. Bf4 e6 4. e3 c5 5. Nbd2 Nc6 6. c3 Bd6 7. Bg3 Qe7 8. Bd3
h6 9. Ne5 Bd7 10. Qe2 Rc8 11. f4 a6 12. Bh4 Qd8 13. O-O Be7 14. f5 Nxe5 15.
dxe5 Ne4 16. Bxe7 Qxe7 17. Bxe4 dxe4 18. Nxe4 exf5 19. Nd6+ Kf8 20. Nxc8 Bxc8
21. Rad1 g6 22. Rfe1 Qxe5 23. Qd3 Ke7 24. Qd5 Qc7 25. e4 f4 26. Qb3 Be6 27. c4
Rd8 28. Rxd8 Kxd8 29. Qd3+ Ke7 30. Rd1 f6 31. Qc3 g5 32. a3 Kf7 33. Qd3 1-0

[Event "Division Honor Aragonesa Grupo B"]
[Site "Aragon"]
[Date "2017.02.18"]
[Round "4.21"]
[White "Del Rey, Diego"]
[Black "Gella Lopez, Angel"]
[Result "1-0"]
[WhiteElo "2356"]
[BlackElo "2101"]
[PlyCount "81"]
[EventDate "2017.01.28"]
[WhiteTeam "El Olivar"]
[BlackTeam "Atletismo Huesca"]

1. Nf3 Nf6 2. g3 c5 3. Bg2 d5 4. O-O Nc6 5. d3 e5 6. Nbd2 Be7 7. e4 O-O 8. Re1
dxe4 9. dxe4 h6 10. c3 Be6 11. Qe2 Qc7 12. Nh4 Rfd8 13. Nf5 Bf8 14. Nc4 Qd7 15.
Nce3 Bxf5 16. Nxf5 Qd3 17. Qxd3 Rxd3 18. Ne3 Rd6 19. Nc4 Rd3 20. Bf1 Rd7 21. a4
Rad8 22. f3 Rd1 23. Be3 Rxa1 24. Rxa1 b6 25. Kf2 Ne8 26. Be2 Be7 27. Rd1 Rxd1
28. Bxd1 Bg5 29. f4 exf4 30. gxf4 Bh4+ 31. Kf3 Be7 32. e5 Nc7 33. Ke4 f6 34.
Kf5 fxe5 35. fxe5 Bh4 36. Bb3 Kf8 37. Ke4 Ke7 38. a5 Na8 39. axb6 axb6 40. Nxb6
Nc7 41. Nd5+ 1-0

[Event "Division Honor Aragonesa Grupo B"]
[Site "Aragon"]
[Date "2017.02.18"]
[Round "4.22"]
[White "Luis Vitalla, Fernando"]
[Black "Palacios Latasa, Elias"]
[Result "1-0"]
[WhiteElo "2086"]
[BlackElo "2237"]
[PlyCount "66"]
[EventDate "2017.01.28"]
[WhiteTeam "Atletismo Huesca"]
[BlackTeam "El Olivar"]

1. c4 e5 2. Nc3 Nf6 3. Nf3 Nc6 4. g3 Bb4 5. Bg2 Bxc3 6. bxc3 O-O 7. O-O e4 8.
Ng5 Re8 9. f3 exf3 10. Nxf3 d5 11. d4 h6 12. Qc2 dxc4 13. Bf4 Bg4 14. Rae1 Bh5
15. e4 Bg6 16. Nd2 Na5 17. Qa4 c5 18. e5 Nd7 19. Nxc4 Nxc4 20. Qxc4 cxd4 21.
Bxb7 Rb8 22. Be4 Rc8 23. Qxd4 Bxe4 24. Rxe4 Qe7 25. e6 fxe6 26. Bd6 Qd8 27. Rg4
e5 28. Qd5+ Kh8 29. Rf7 Rg8 30. Qe6 Nf6 31. Rgxg7 Rxg7 32. Rxf6 Rh7 33. Bxe5
Rc5 1-0

[Event "Division Honor Aragonesa Grupo B"]
[Site "Aragon"]
[Date "2017.02.18"]
[Round "4.23"]
[White "Hernando Garcia, Antonio"]
[Black "Gella Bitrian, Diego"]
[Result "0-1"]
[WhiteElo "2185"]
[BlackElo "2000"]
[PlyCount "130"]
[EventDate "2017.01.28"]
[WhiteTeam "El Olivar"]
[BlackTeam "Atletismo Huesca"]

1. c4 Nf6 2. Nf3 g6 3. Nc3 Bg7 4. g3 O-O 5. Bg2 d6 6. O-O e5 7. d3 Re8 8. Rb1
a5 9. a3 c6 10. b4 axb4 11. axb4 d5 12. cxd5 cxd5 13. d4 e4 14. Ne5 Nbd7 15.
Nxd7 Bxd7 16. Bg5 Be6 17. Qb3 h6 18. Bxf6 Bxf6 19. e3 Qd7 20. Rfc1 h5 21. Bf1
Rec8 22. Ne2 h4 23. Rxc8+ Rxc8 24. Rc1 Rxc1 25. Nxc1 hxg3 26. hxg3 Be7 27. Na2
g5 28. Nc3 Qd6 29. b5 Kg7 30. Kh2 f5 31. Bh3 Qd8 32. Kg1 Qh8 33. Bf1 Qd8 34. g4
f4 35. Nxe4 Bxg4 36. Nc3 Bf3 37. Bg2 Bxg2 38. Kxg2 fxe3 39. fxe3 Qc8 40. Nxd5
Qg4+ 41. Kf2 Bd6 42. Ke1 Qg1+ 43. Kd2 g4 44. Nc3 Qf2+ 45. Ne2 g3 46. Qe6 g2 47.
Qd7+ Kg8 48. Qc8+ Bf8 49. Qg4+ Kh7 50. Kd3 Qf1 51. Kc4 g1=Q 52. Qxg1 Qxe2+ 53.
Kc3 Qxb5 54. Qh2+ Kg8 55. Qg3+ Kf7 56. Qc7+ Be7 57. Qf4+ Ke8 58. Qb8+ Kd7 59.
Qf4 Bb4+ 60. Kc2 Qc4+ 61. Kb1 Qd3+ 62. Kb2 Bc3+ 63. Kb3 Bxd4+ 64. Kb4 Qc3+ 65.
Ka4 Qc4+ 0-1

[Event "Division Honor Aragonesa Grupo B"]
[Site "Aragon"]
[Date "2017.02.18"]
[Round "4.24"]
[White "Laplaza Ara, Carlos"]
[Black "Melendez Fierro, Juan Bautista"]
[Result "1/2-1/2"]
[WhiteElo "1957"]
[BlackElo "2134"]
[PlyCount "47"]
[EventDate "2017.01.28"]
[WhiteTeam "Atletismo Huesca"]
[BlackTeam "El Olivar"]

1. d4 d5 2. Nf3 Nf6 3. c4 dxc4 4. Nc3 c5 5. e3 e6 6. Bxc4 Nbd7 7. O-O cxd4 8.
exd4 Be7 9. d5 exd5 10. Nxd5 Nxd5 11. Qxd5 O-O 12. Be3 Nb6 13. Qxd8 Bxd8 14.
Bb3 Bf6 15. Bd4 Bxd4 16. Nxd4 Bd7 17. Rac1 Rac8 18. Nf3 Bb5 19. Rfe1 Rxc1 20.
Rxc1 Rc8 21. Rxc8+ Nxc8 22. Nd4 Bd7 23. Bd5 Nd6 24. Kf1 1/2-1/2

[Event "Division Honor Aragonesa Grupo B"]
[Site "Aragon"]
[Date "2017.02.18"]
[Round "4.25"]
[White "Baquedano Coarasa, Pablo"]
[Black "Cebrian Valverde, Jose Antonio"]
[Result "0-1"]
[WhiteElo "2214"]
[BlackElo "2137"]
[PlyCount "100"]
[EventDate "2017.01.28"]
[WhiteTeam "Palacio de Pioneros"]
[BlackTeam "San Jose"]

1. d4 d5 2. c4 e6 3. Nc3 Be7 4. Nf3 Nf6 5. e3 O-O 6. b3 b6 7. Be2 Bb7 8. O-O
Nbd7 9. Bb2 Rc8 10. Rc1 dxc4 11. bxc4 Ne4 12. Bd3 Ndf6 13. Ne5 c5 14. Qc2 Nxc3
15. Bxc3 Qc7 16. a4 h6 17. a5 Rfd8 18. axb6 axb6 19. Rb1 Nd7 20. Bh7+ Kf8 21.
Nxf7 Kxf7 22. Qg6+ Kf8 23. Qxe6 Nf6 24. Bg6 Bd6 25. dxc5 Qe7 26. Qxe7+ Bxe7 27.
cxb6 Rxc4 28. Be5 Rg4 29. g3 Rxg6 30. Rfc1 Nd5 31. e4 Nb4 32. Bc7 Ra8 33. Ra1
Rxa1 34. Rxa1 Na6 35. e5 Rc6 36. Rb1 Nxc7 37. bxc7 Rxc7 38. h4 Bc5 39. g4 Ke7
40. Rb2 Ke6 41. Kh2 Bd4 42. Re2 Bf3 43. Re1 Bxf2 44. Rf1 Rc2 45. Kh3 Kxe5 46.
h5 Kf4 47. g5 hxg5 48. h6 g4+ 49. Kh2 Bg3+ 50. Kg1 Bh2# 0-1

[Event "Division Honor Aragonesa Grupo B"]
[Site "Aragon"]
[Date "2017.02.18"]
[Round "4.26"]
[White "Ferreruela Romero, Jose Joaqui"]
[Black "Romero Pallares, Daniel"]
[Result "0-1"]
[WhiteElo "2073"]
[BlackElo "2211"]
[PlyCount "76"]
[EventDate "2017.01.28"]
[WhiteTeam "San Jose"]
[BlackTeam "Palacio de Pioneros"]

1. b3 g6 2. Bb2 Nf6 3. Bxf6 exf6 4. c4 Bg7 5. Nc3 f5 6. Rc1 O-O 7. g3 d6 8. Bg2
Nd7 9. e3 Nf6 10. Nge2 Re8 11. O-O c6 12. Qc2 Qe7 13. d3 Bd7 14. b4 h5 15. h4
Bh6 16. Nf4 Ng4 17. b5 g5 18. bxc6 bxc6 19. hxg5 Qxg5 20. Rb1 h4 21. Nce2 hxg3
22. Nxg3 Qh4 23. Rfe1 Rxe3 24. fxe3 Qxg3 25. Qe2 Bxf4 26. exf4 Qh2+ 27. Kf1
Qxf4+ 28. Bf3 Nh2+ 29. Kg2 Kh7 30. Rh1 Rg8+ 31. Kf2 Qg3+ 32. Ke3 Re8+ 33. Kd2
Qf4+ 34. Kc2 Rxe2+ 35. Bxe2 Qf2 36. Kd2 Kg7 37. Rbg1+ Ng4 38. Kd1 d5 0-1